000 02077nam a2200361 i 4500
001 22020214
003 EG-ScBUE
005 20230312125141.0
008 210504s2022 flua f bf 001 0 eng d
020 _a9780367252007
040 _aDLC
_beng
_erda
_cDLC
_dDLC
_dEG-ScBUE
041 1 _aeng
_hfre
082 0 4 _a777/.7
_222
_bPEG
100 1 _aPeguet, Julia,
_eauthor.
240 1 0 _aSecrets d'animateur.
_lEnglish
245 1 0 _aSecrets of the animator /
_cJulia Peguet.
250 _aFirst edition.
264 1 _aBoca Raton :
_bCRC Press/Taylor & Francis Group,
_c2022.
300 _a240 pages :
_bchiefly illustrations (some color) ;
_c28 cm
336 _atext
_btxt
_2rdacontent
337 _aunmediated
_bn
_2rdamedia
338 _avolume
_bnc
_2rdacarrier
504 _aIncludes bibliographical references and index.
520 _a"Written based on the author's own notes compiled over 18 years, this work is intended for both animation students and professionals. This manual is a learning tool focusing exclusively on the work of animators. It provides all the keys to understanding the principles of motion and how to transfer them to characters, whether drawn or modeled, 2D or 3D, human or animal. Julia Peguet explains the principles of physics applicable to any motion (animation curve, momentum, rebound, etc.) and provides practical tips for stabilizing a puppet, animating a character's mouth and eyes, or even making a character stand out with a particular gait. Sketches and photographs illustrate technical recommendations step by step. Exercises and boxes containing tips and notes are also provided"--
_cProvided by publisher.
650 7 _aAnimation (Cinematography)
_vHandbooks, manuals, etc.
_2BUEsh
653 _bART
_cMarch2023
655 _vReading book
700 1 _iTranslation of:
_aPeguet Julia.
_tSecrets d'animateur.
906 _a7
_bcbc
_corignew
_d1
_eecip
_f20
_gy-gencatlg
942 _2ddc
_cBB
999 _c30250
_d30221